000 01054nam2a22002291 4500
001 rc\4556491
005 20250611194154.0
035 _a(NLR Aleph) 008367003
090 _a9034119
_c9034119
100 _a20130416d1968 |||y0rusy50 ca
101 0 _arus
102 _aRU
105 _aah z |||||
200 0 _aТ. 2
_e[Март 1917 - ноябрь 1918 г.]
210 _aМосква
_cПолитиздат
_d1968
215 _aX, 826 с., 3 л. ил.
_cфакс.
461 0 _1001rc\4556489
_12001#$aИзбранные произведения$eВ 3 т.$eТ. 1-3$fИн-т марксизма-ленинизма при ЦК КПСС$vТ. 2
_1700#1$aЛенин$bВ.И.$f1870-1924$gВладимир Ильич
_99034107
_aЛенин, В.И. (1870-1924)
_cМосква
_d1968
_fИн-т марксизма-ленинизма при ЦК КПСС
_nПолитиздат
_oВ 3 т. : Т. 1-3
_p3 т.
_tИзбранные произведения
_vТ. 2
801 0 _aRU
_bNLR
_gpsbo
801 1 _aRU
_bELAR
_2rusmarc
852 _aNLR
_jЛ 1-И/18
942 _cBOOK
980 _aNB